00477nam a2200205Ia 4500008004100000020001800041050001400059100001500073245001300088245001700101245003300118260001500151260001600166260000900182300001500191300002700206300001000233440002000243500000800263170918s9999 xx 000 0 und d a9780545474719 bL987 2008 aLynch, Jay aOtto's : borange day / cJay Lynch and Frank Cammuso. aNew York : bScholastic, c2008 a37 pages : bcolored illustration ; c23cm. aOtto's level 3. a230